| 000 | 00540nam a2200205Ia 4500 | ||
|---|---|---|---|
| 008 | 240729s9999 xx 000 0 und d | ||
| 022 | _a2813-0227 | ||
| 245 | 0 | _aZoonotic Diseases | |
| 260 | _aSwitzerland | ||
| 260 | _bMDPI AG | ||
| 650 | _a Animal biochemistry | Agriculture | ||
| 650 | _a Animal culture | ||
| 650 | _a Physiology | ||
| 650 | _a Veterinary medicine | Science | ||
| 650 | _a Zoology | ||
| 650 | _aScience | ||
| 856 | _uhttps://doaj.org/toc/5fc80a235e1044af8ad4e6eeacf746b1 | ||
| 942 | _2ddc | ||
| 942 | _cDOAJEJ | ||
| 999 |
_c68455 _d68455 |
||
| 945 |
_a1 _bMadushi Gamage _c1 _dMadushi Gamage |
||